| 000 | 00856cab a2200277 4500 | ||
|---|---|---|---|
| 001 | WB3240-32 | ||
| 008 | 090401t1996 xxu||||| |||| 00| 0 eng d | ||
| 035 | _a(Sirsi) u33985 | ||
| 041 | _aeng | ||
| 245 | _aScarcity for singles | ||
| 260 | _c1996 | ||
| 350 | _a0 | ||
| 490 |
_aProperty Week _v57(4) 25 October 1996, 18(1) |
||
| 520 | _aDemand for single-person dwellings may make a government estimated requirement of 4.4m homes in the next twenty years too low, claims Joseph Rowntree Foundation`s director Richard Best. | ||
| 650 | _aFORECASTS | ||
| 650 | _aHOUSEHOLDS | ||
| 650 | _aHOUSING INVESTMENT | ||
| 650 | _aHOUSING PROVISION | ||
| 650 | _aINVESTMENT MARKET | ||
| 650 | _aPRIVATE RENTED SECTOR | ||
| 650 | _aSINGLE PERSON HOUSEHOLDS | ||
| 650 | _aVALUATION ISSUES | ||
| 690 | _aHOUSING | ||
| 942 | _n0 | ||
| 948 | _c04/03/1997 | ||
| 999 |
_c22576 _d22576 |
||